000 00395nam a2200157Ia 4500
008 210716s2010 xx 000 0 und d
020 _a9788184047370
041 _aeng
082 _a004.35 BREC
100 _aBreshears, Clay.
245 _aArt of concurrency.
250 _a1
260 _aMumbai
_bShroff Publishers and Distributors Pvt Ltd
_c2010
300 _axiii,285
650 _aNone
999 _c191038
_d191038